000 00497nam a22001817a 4500
003 OSt
005 20161012181512.0
008 161012b xxu||||| |||| 00| 0 eng d
020 _a0-7394-0916-6
040 _cLIC
082 _22000
_aDC 822.91421
_bF86c
100 _916054
_aFrayn, Michael
245 _aCopenhagen/
_cMichael Frayn.
260 _aLondon:
_bMethuen Publishing Limited,
_cc2000.
300 _a132 pages;
_c21 cm.
650 0 _916055
_aCopenhagen (Denmark) -- Drama
942 _2ddc
_cDC
999 _c5166
_d5166